Premier League Players of the Season - Statistics

General Stats
  • This quiz has been taken 104 times
  • The average score is 25 of 30
Answer Stats
Season Team Nationality Answer % Correct
22/23 Manchester City Norway Erling Haaland
99%
21/22 Manchester City Belgium Kevin De Bruyne
99%
19/20 Manchester City Belgium Kevin De Bruyne
99%
17/18 Liverpool Egypt Mohammed Salah
99%
12/13 Tottenham Hotspur Wales Gareth Bale
98%
15/16 Leicester City England Jamie Vardy
98%
07/08 Manchester United Portugal Cristiano Ronaldo
97%
06/07 Manchester United Portugal Cristiano Ronaldo
97%
13/14 Liverpool Uruguay Luis Suarez
97%
23/24 Manchester City England Phil Foden
96%
05/06 Arsenal France Thierry Henry
96%
03/04 Arsenal France Thierry Henry
96%
18/19 Liverpool Netherlands Virgil van Dijk
95%
09/10 Manchester United England Wayne Rooney
94%
14/15 Chelsea Belgium Eden Hazard
90%
10/11 Manchester United Serbia Nemanja Vidić
90%
08/09 Manchester United Serbia Nemanja Vidić
90%
16/17 Chelsea France N'Golo Kante
90%
20/21 Manchester City Portugal Rúben Dias
87%
11/12 Manchester City Belgium Vincent Kompany
86%
04/05 Chelsea England Frank Lampard
84%
94/95 Blackburn Rovers England Alan Shearer
82%
02/03 Manchester United Netherlands Ruud van Nistelrooy
81%
00/01 Arsenal France Patrick Vieira
74%
95/96 Manchester United Denmark Peter Schmeichel
71%
98/99 Manchester United Trinidad and Tobago Dwight Yorke
69%
97/98 Liverpool England Michael Owen
67%
01/02 Arsenal Sweden Freddie Ljungberg
65%
99/00 Sunderland England Kevin Phillips
33%
96/97 Middlesbrough Brazil Juninho Paulista
12%
No matching quizzes found
Score Distribution
Percent of People with Each Score
Percentile by Number Answered
Your Score History
You have not taken this quiz